| 000 | 00740nam a2200229 a 4500 | ||
|---|---|---|---|
| 001 | 13388 | ||
| 003 | BD-JhCC | ||
| 005 | 20230917093704.0 | ||
| 008 | 230916b2020 bg |||| ||a| 000 0 ben d | ||
| 020 | _a9789849234876 | ||
| 035 | _a(BD-JhCC)13388 | ||
| 040 |
_aBD-JhCC _dBD-JhCC |
||
| 041 | _abengali | ||
| 082 |
_a923 _bNAZ 2020 |
||
| 100 | _aনাজু, ডা. নাজমা বেগম | ||
| 245 |
_aছোটদের বঙ্গবন্ধু ও স্বাধীনতা / _cডা. নাজমা বেগম নাজু । |
||
| 260 |
_aঢাকা: _bআলেয়া বুক ডিপো; _c2020. |
||
| 300 |
_a127 p. : _c22 cm. |
||
| 600 | _aRahaman, Shek Mujibur | ||
| 942 |
_2ddc _cBK |
||
| 999 |
_c13388 _d13388 |
||